Welcome to WEB OPAC of MRSPTU Central Library

Theory and problem of thermodynamics (Record no. 2685)

MARC details
000 -LEADER
fixed length control field 00363nam a2200145Ia 4500
008 - FIXED-LENGTH DATA ELEMENTS--GENERAL INFORMATION
fixed length control field 230711s9999||||xx |||||||||||||| ||und||
041 ## - LANGUAGE CODE
Language code of text/sound track or separate title ENG
082 ## - DEWEY DECIMAL CLASSIFICATION NUMBER
Classification number 620
Item number RA-T
100 ## - MAIN ENTRY--PERSONAL NAME
Personal name Rao,Y VC
245 #0 - TITLE STATEMENT
Title Theory and problem of thermodynamics
250 ## - EDITION STATEMENT
Edition statement 1st
260 ## - PUBLICATION, DISTRIBUTION, ETC.
Date of publication, distribution, etc. 1994
Place of publication, distribution, etc. New Delhi
Name of publisher, distributor, etc. Wiley Eastern Limited
650 ## - SUBJECT ADDED ENTRY--TOPICAL TERM
Topical term or geographic name entry element Mechanical Engineering
942 ## - ADDED ENTRY ELEMENTS (KOHA)
Koha item type Book
Holdings
Withdrawn status Lost status Damaged status Not for loan Collection Home library Current library Date acquired Total checkouts Full call number Barcode Date last seen Price effective from Koha item type
          MRSPTU Central Library MRSPTU Central Library     620 RA-T 10306 08/17/2023 08/17/2023 Book
          MRSPTU Central Library MRSPTU Central Library     620 RA-T 10307 08/17/2023 08/17/2023 Book
          MRSPTU Central Library MRSPTU Central Library     620 RA-T 10308 08/17/2023 08/17/2023 Book
          MRSPTU Central Library MRSPTU Central Library     620 RA-T 10309 08/17/2023 08/17/2023 Book
          MRSPTU Central Library MRSPTU Central Library     620 RA-T 10310 08/17/2023 08/17/2023 Book
          MRSPTU Central Library MRSPTU Central Library     620 RA-T 10311 08/17/2023 08/17/2023 Book
          MRSPTU Central Library MRSPTU Central Library     620 RA-T 10312 08/17/2023 08/17/2023 Book
          MRSPTU Central Library MRSPTU Central Library     620 RA-T 10313 08/17/2023 08/17/2023 Book
          MRSPTU Central Library MRSPTU Central Library     620 RA-T 10314 08/17/2023 08/17/2023 Book
          MRSPTU Central Library MRSPTU Central Library     620 RA-T 10315 08/17/2023 08/17/2023 Book
          MRSPTU Central Library MRSPTU Central Library     620 RA-T 10316 08/17/2023 08/17/2023 Book
          MRSPTU Central Library MRSPTU Central Library     620 RA-T 10317 08/17/2023 08/17/2023 Book
          MRSPTU Central Library MRSPTU Central Library     620 RA-T 10318 08/17/2023 08/17/2023 Book
          MRSPTU Central Library MRSPTU Central Library     620 RA-T 10319 08/17/2023 08/17/2023 Book
          MRSPTU Central Library MRSPTU Central Library     620 RA-T 10320 08/17/2023 08/17/2023 Book

Website Designed and Developed by MRSPTU Central Library Team

E-mail Id: librarian@mrsptu.ac.in